| 000 | 00848nam a22002657a 4500 | ||
|---|---|---|---|
| 001 | 8905 | ||
| 003 | FISKH | ||
| 005 | 20251030161448.0 | ||
| 008 | 251030b cb ||||| |||| 00| 0 eng d | ||
| 020 | _a9781604724493 | ||
| 040 |
_aFISKH _beng _cFISKH _dFISKH |
||
| 050 | _aTA732 .K3718 | ||
| 082 | _a624.1 | ||
| 100 | _aKarapetkova, Holly | ||
| 245 | _aDig It, dump It, push It! / | ||
| 260 |
_aGuangdong : _bRourke, _c2009. |
||
| 300 |
_a24 unnumbered pages : _bcolor illustrations ; _c16 cm |
||
| 505 | _aE | ||
| 520 | _aAction Packed Photos Of Big Construction Machines Working Will Keep Children Engaged As The Learn About The Different Tasks Different Machines Can Do. | ||
| 521 | 8 |
_a160
_bLexile estimate |
|
| 521 | 8 |
_aE
_bRaz-Plus |
|
| 650 |
_aBoard book _vTransportation _xTrucks |
||
| 942 |
_2ddc _cBK _n0 |
||
| 999 |
_c8905 _d8905 |
||